Vplyv doplnkov výživy ( Creatín, Carnitín, BCAA, kofeín , energetické nápoje) na optimalizáciu fyzickej a mentálnej výkonnosti študentov Ekonomickej univerzity v Bratislave
Enregistré dans:
| Auteur principal: | |
|---|---|
| Format: | Chapitre de livre |
| Langue: | slovaque |
| Sujets: | |
| Tags: |
Pas de tags, Soyez le premier à ajouter un tag!
|
MARC
| LEADER | 00000naa a2200000 4500 | ||
|---|---|---|---|
| 001 | 0306590 | ||
| 005 | 20251028105318.8 | ||
| 041 | 0 | |a slo | |
| 044 | |a SK | ||
| 245 | 1 | 0 | |a Vplyv doplnkov výživy ( Creatín, Carnitín, BCAA, kofeín , energetické nápoje) na optimalizáciu fyzickej a mentálnej výkonnosti študentov Ekonomickej univerzity v Bratislave |c Zuzana Voltnerová |
| 500 | |a Abstrakt | ||
| 610 | 2 | 0 | |a výživa |
| 610 | 2 | 0 | |a šport |
| 610 | 2 | 0 | |a riziko |
| 610 | 2 | 0 | |a riziko spotrebiteľské |
| 610 | 2 | 0 | |a imunita |
| 610 | 2 | 0 | |a podpory |
| 610 | 2 | 0 | |a informácie |
| 100 | 1 | |a Voltnerová, Zuzana, 1964- | |